000 01362nam a2200241Ia 4500
999 _c52076
_d52076
001 19082
003 GE_BSU
005 20220920101707.0
008 181216s2012||||ge |||||||||||||| ||geo||
040 _cGE_BSU
041 _ageo
080 _a82 ს-20
100 _aსალუქვაძე, ნინო
_911614
245 _aდევიდ ჰერბერტ ლორენსის რომანის სემიოტიკური ასპექტები : დისერტაცია /
_cნინო სალუქვაძე; სამეცნიერო ხელმძღვანელი მ. ებანოიძე; ბათუმის შოთა რუსთაველის სახ-ფო უნ-ტი.
264 _aბათუმი,
_c2012.
300 _a145 გვ. ;
_b30 სმ.
653 _aდევიდ ჰერბერტ ლორენსის რომანის სემიოტიკური ასპექტები
653 _aდისერტაცია
653 _aლიტმცოდნეობა
700 _aებანოიძე, მ.
_e სამეცნიერო ხელმძღვანელი
_911612
710 _aბათუმის შოთა რუსთაველის სახ-ფო უნ-ტი
_911615
942 _cBK
_2udc